Cuestión de intereses : (Registro nro. 102)
[ vista simple ]
| 000 -CABECERA | |
|---|---|
| Campo de control | 00902nam a2200253 a 4500 |
| 005 - FECHA Y HORA DE LA ULTIMA TRANSACCION | |
| Campo de control | 20160107082303.0 |
| 008 - ELEMENTOS DE LONGITUD FIJA—INFORMACION GENERAL | |
| Campo de control | 140114t1996 ck ||||gr|||| 00| 0 spa d |
| 020 ## - ISBN | |
| ISBN | 9589362249 |
| 040 ## - FUENTE DE CATALOGACIÓN | |
| Agencia catalogadora original | CO-BoIAVH |
| Agencia transcriptora | CO-BoIAVH |
| 041 0# - IDIOMA | |
| Código de idioma para texto/pista de sonido o título separado | Español |
| 044 ## - PAÍS DE PUBLICACIÓN | |
| País de publicación | Colombia |
| 082 04 - NUMERO DE CLASIFICACION DECIMAL DEWEY | |
| Número de clasificación | 363.7056 |
| Número del ítem | Z39c |
| 100 1# - ASIENTO PRINCIPAL--NOMBRE PERSONAL | |
| Nombre personal | Zazueta, Aarón |
| 9 (RLIN) | 3812 |
| 245 1# - MENCION DE TITULO | |
| Título | Cuestión de intereses : |
| Parte restante del título | participación y equidad en la formulación de políticas ambientales / |
| Mención de responsabilidad | Fundación FES; Aarón Zazueta |
| 260 ## - PUBLICACION, DISTRIBUCION, ETC. (PIE DE IMPRENTA) | |
| Lugar de publicación, distribución, etc. | Bogotá : |
| Nombre del editor, distribuidor, etc. | World Resources Institute: |
| -- | Fundación FES, |
| Fecha de publicación, distribución, etc. | c1996. |
| 300 ## - DESCRIPCION FISICA | |
| Extensión | 65 páginas ; |
| Dimensiones | 26 x21 cm. |
| 650 #6 - ASIENTO SECUNDARIO DE MATERIA - TERMINO TEMATICO | |
| Término temático o nombre geográfico como elemento de entrada | Política ambiental |
| 9 (RLIN) | 47831 |
| 650 #6 - ASIENTO SECUNDARIO DE MATERIA - TERMINO TEMATICO | |
| Término temático o nombre geográfico como elemento de entrada | Participación comunitaria |
| 9 (RLIN) | 47832 |
| 650 #4 - ASIENTO SECUNDARIO DE MATERIA - TERMINO TEMATICO | |
| Término temático o nombre geográfico como elemento de entrada | Equidad |
| Subdivisión general | Políticas |
| 9 (RLIN) | 47833 |
| 650 #4 - ASIENTO SECUNDARIO DE MATERIA - TERMINO TEMATICO | |
| Término temático o nombre geográfico como elemento de entrada | Medio ambiente |
| Subdivisión general | Políticas |
| 9 (RLIN) | 47834 |
| 650 #6 - ASIENTO SECUNDARIO DE MATERIA - TERMINO TEMATICO | |
| Término temático o nombre geográfico como elemento de entrada | Participación ciudadana |
| 9 (RLIN) | 47835 |
| 650 #4 - ASIENTO SECUNDARIO DE MATERIA - TERMINO TEMATICO | |
| Término temático o nombre geográfico como elemento de entrada | Participación ciudadana |
| Subdivisión general | Política ambiental |
| 9 (RLIN) | 47836 |
| 942 ## - ELEMENTOS ADICIONALES (KOHA) | |
| Tipo de ítem | Libro |
| Sistema de clasificación | Dewey Decimal Classification |
| Withdrawn status | Lost status | Sistema de Clasificación | Damaged status | No para préstamo | Colección | Inventariado | Ubicación Permanente | Ubicación actual | Fecha de adquisición | Fuente de Valor | Valor | Total Checkouts | Número topográfico | Inventario / Código de Barras | Date last seen | Ejemplar | Price effective from | Forma de adquisición | Tipo de material |
|---|---|---|---|---|---|---|---|---|---|---|---|---|---|---|---|---|---|---|---|
| Dewey Decimal Classification | General | Inventariado 2017 | Bogotá | Bogotá | 22/12/1997 | Instituto | 39000.00 | LB-363.7056 Z39c | 000127 | 04/12/2012 | Ej. 1 | 04/12/2012 | Libro | ||||||
| Dewey Decimal Classification | General | Inventariado 2017 | Sala Fabio Quevedo | Sala Fabio Quevedo | 10/12/2002 | Instituto | 39000.00 | LB-363.7056 Z39c | 000128 | 04/12/2012 | Ej. 2 | 04/12/2012 | Donación | Libro |